ბათუმის შოთა რუსთაველის სახელმწიფო უნივერსიტეტის ბიბლიოთეკა

შინაურ ცხოველთა ზოგადი ჰისტოლოგია ემბრიოლოგიის საფუძვლებით : (ბიბ.ჩანაწერი № 44868)

000 -ლიდერი
ფიქსირებული სიგრძის საკონტროლო ველი 01182nam a2200217Ia 4500
001 - საკონტროლო ნომერი
საკონტროლო ველი 11682
003 - საკონტროლო ნომრის იდენტიფიკატორი
საკონტროლო ველი GE_BSU
005 - ბოლო ოპერაციის თარიღი და დრო
საკონტროლო ველი 20250908174613.0
008 - ფიქსირებული სიგრძის მონაცემთა ელემენტები - ზოგადი ინფორმაცია
ფიქსირებული სიგრძის საკონტროლო ველი 181216s1963||||ge |||||||||||||| ||geo||
040 ## - კატალოგიზაციის წყარო
Transcribing agency GE_BSU
041 ## - ენის კოდი
Language code of text/sound track or separate title geo
080 ## - უნივერსალური ათობითი კლასიფიკაციის ინდექსი
Universal Decimal Classification number 636:611–018(075.8)+636:611.013(075.8) ი–37
100 ## - მთავარი ჩანაწერი - პიროვნების სახელი
Personal name ივანოვი, ი.ფ.
9 (RLIN) 25781
245 ## - ცნობა სათაურის შესახებ
Title შინაურ ცხოველთა ზოგადი ჰისტოლოგია ემბრიოლოგიის საფუძვლებით :
Remainder of title [დამხმ. სახელმძღვ. სავეტ. ინ-ტებისა და ფაკ-ტებისათვის] /
Statement of responsibility, etc ი. ივანოვი ; რედ.: შ. ჩხარტიშვილი.
264 ## - წარმოების, გამოცემის, დისტრიბუციის და სხვა ცნობები
გამოცემის, წარმოების, დისტრიბუციის... ადგილი თბილისი:
გამოცემის, წარმოების, დისტრიბუციის... სახელწოდება ცოდნა,
გამოცემის, წარმოების, დისტრიბუციის... თარიღი 1963.
300 ## - ფიზიკური აღწერა
Extent 386 გვ.:
Other physical details ილ.;
Dimensions 22 სმ.
653 ## - INDEX TERM--UNCONTROLLED
Uncontrolled term შინაური ცხოველების ჰისტოლოგია
653 ## - INDEX TERM--UNCONTROLLED
Uncontrolled term შინაური ცხოველების ემბრიოლოგია
700 ## - ADDED ENTRY--PERSONAL NAME
Personal name ჩხარტიხვილი, შ.
Relator term რედაქტორი
9 (RLIN) 25782
942 ## - ADDED ENTRY ELEMENTS (KOHA)
Koha item type წიგნი
Source of classification or shelving scheme
ეგზემპლარები
ჩამოწერის სტატუსი დაკარგული ეგზემპლარის სტატუსი კლასიფიკაციის წყარო ან თაროზე გაწყობის სქემა დაზიანების სტატუსი არ გაიცემა მუდმივი მდებარეობა (დაცვის ადგილი) ამჟამინდელი ადგილსამყოფელი თაროზე განთავსების ადგილი შეძენის თარიღი სრული შენახვის შიფრი შტრიხკოდი ბოლო ოპერაციის თარიღი ეგზემპლარის მიმდევრობითი ნომერი (კეტერი?) ფასის ძალაში შესვლის თარიღი ეგზემპლარის სახეობა
          აგრარული და მემბრანული ტექნოლოგიების ინსტიტუტის ბიბლიოთეკა აგრარული და მემბრანული ტექნოლოგიების ინსტიტუტის ბიბლიოთეკა წიგნსაცავი 2018-12-17 636:611–018(075.8)+636:611.013(075.8) ი–37 20368 2018-12-17 20368 2018-12-17 წიგნი
          აგრარული და მემბრანული ტექნოლოგიების ინსტიტუტის ბიბლიოთეკა ბათუმის შოთა რუსთაველის სახელმწიფო უნივერსიტეტის მთავარი ბიბლიოთეკა წიგნსაცავი 2018-12-17 636:611–018(075.8)+636:611.013(075.8) ი–37 20367 2018-12-17 20367 2018-12-17 წიგნი